LEADER 00916nam0-22003011i-450- 001 990003116350403321 005 20110203165430.0 035 $a000311635 035 $aFED01000311635 035 $a(Aleph)000311635FED01 035 $a000311635 100 $a20030910d1985----km-y0itay50------ba 101 0 $aeng 102 $aIT 200 1 $aLearning-By-Doing, Market Structure and Industrial and Trade Policies$fP.Dasgupta and J.Stiglitz. 210 $aCambridge$cDepartment of Applied Economics$d1985 215 $a27 p.$d20 cm 676 $aH/2.113 676 $aI/2.32 702 1$aDasgupta,$bPartha$f<1942- > 702 1$aStiglitz,$bJoseph Eugene$f<1943- > 801 0$aIT$bUNINA$gRICA$2UNIMARC 901 $aBK 912 $a990003116350403321 952 $aA/71 ECO$b3725$fSES 959 $aSES 996 $aLearning-By-Doing, Market Structure and Industrial and Trade Policies$9460993 997 $aUNINA LEADER 01390nam0-2200385---450 001 990005661500203316 005 20190403124947.0 035 $a000566150 035 $aUSA01000566150 035 $a(ALEPH)000566150USA01 035 $a000566150 100 $a20050221d1980----|||y0itaa50------ba 101 $afre 102 $afr 105 $a0 00||| 200 1 $aAmour précieux, amour galant (1654-1675)$eessai sur la représentation de l'amour dans la littérature et la société mondaines$fJean-Michel Pelous 210 $aParis$cLibrairie Klincksieck$d1980 215 $a524 p.$d24 cm. 225 2 $aBibliotheque Francaise et Romane$fpubliee par le Centre de Philologie et de Litteratures romanes de l'Universite des Sciences Humaines de Strasbourg. Serie C, Etudes Litteraires$v77 410 0$12001$aBibliotheque Francaise et Romane$v77 606 $aLetteratura francese$xTemi[:] Amore$xSec. 17.$2F 620 $dPARIS 676 $a840.4 700 1$aPELOUS,$bJean-Michel$0213998 801 0$aIT$bSA$c20111219 912 $a990005661500203316 950 0$aDipar.to di Filosofia - Salerno$dDFCC 840.4 PEL$e4213 FIL 951 $aCC 840.4 PEL$b4213 FIL 959 $aBK 969 $aFIL 979 $c20121027$lUSA01$h1525 979 $c20121027$lUSA01$h1615 996 $aAmour précieux amour galant, 1654-1675$9611357 997 $aUNISA NUM $aSA0012592